| 000 | 00396nam a2200145Ia 4500 | ||
|---|---|---|---|
| 008 | 220217s9999||||xx |||||||||||||| ||und|| | ||
| 020 | _a9788131531792 | ||
| 082 | _a621.4 ROL | ||
| 100 |
_aRolle, Kurt, C _99975 |
||
| 245 | 0 | _aHeat and mass transfer | |
| 250 | _a2 | ||
| 260 |
_aCengage learning _bNew Delhi _c2016 |
||
| 300 |
_aXVII, 661p. _b699 |
||
| 650 |
_aHeat and mass transfer _913007 |
||
| 999 |
_c187832 _d187832 |
||